Detalles MARC
| 000 -CABECERA |
| campo de control de longitud fija |
00836cam a2200217 a 4500 |
| 001 - NÚMERO DE CONTROL |
| campo de control |
000018489 |
| 005 - FECHA Y HORA DE LA ÚLTIMA TRANSACCIÓN |
| campo de control |
20200929165819.0 |
| 008 - DATOS DE LONGITUD FIJA--INFORMACIÓN GENERAL |
| campo de control de longitud fija |
910617s1946 sp 000 0 spa d |
| 040 ## - FUENTE DE LA CATALOGACIÓN |
| Centro catalogador/agencia de origen |
DO-SdBNP |
| Lengua de catalogación |
spa |
| Centro/agencia transcriptor |
LC |
| Centro/agencia modificador |
BNPHU |
| 050 00 - SIGNATURA TOPOGRÁFICA DE LA BIBLIOTECA DEL CONGRESO |
| Número de clasificación |
4PQ Sp 214 |
| 082 ## - NÚMERO DE LA CLASIFICACIÓN DECIMAL DEWEY |
| Número de clasificación |
nn* |
| Número de documento/Ítem |
C317l |
| 049 ## - FONDOS LOCALES (OCLC) |
| Fondos de biblioteca |
BNGR |
| 100 1# - ENTRADA PRINCIPAL--NOMBRE DE PERSONA |
| Nombre de persona |
Carrillo y Sotomayor, Luis, |
| Fechas asociadas al nombre |
1583 (ca.)-1610. |
| 9 (RLIN) |
39998 |
| 245 00 - MENCIÓN DE TÍTULO |
| Título |
Libro de la erudición poética / |
| Mención de responsabilidad, etc. |
Don Luis Carrillo y Sotomayor ; edición Manuel Cardenal Iracheta. |
| 260 ## - PUBLICACIÓN, DISTRIBUCIÓN, ETC. |
| Lugar de publicación, distribución, etc. |
Madrid : |
| Nombre del editor, distribuidor, etc. |
Consejo Superior de Investigac, |
| Fecha de publicación, distribución, etc. |
1946. |
| Nombre del editor, distribuidor, etc. |
Instituto Nicolas Antonio,. |
| 300 ## - DESCRIPCIÓN FÍSICA |
| Extensión |
138 p. ; |
| Dimensiones |
18 cm. |
| 490 1# - MENCIÓN DE SERIE |
| Mención de serie |
Biblioteca de Antiguos Libros Hispánicos |
| -- |
A, |
| Designación de volumen o secuencia |
v. VI |
| 700 1# - PUNTO DE ACCESO ADICIONAL--NOMBRE DE PERSONA |
| Nombre de persona |
Cardenal Iracheta, Manuel, |
| Término indicativo de función/relación |
ed. |
| 9 (RLIN) |
39999 |
| 830 #0 - PUNTO DE ACCESO ADICIONAL DE SERIE-TÍTULO UNIFORME |
| Título uniforme |
Biblioteca de Antiguos Libros Hispánicos : |
| Nombre de parte o sección de la obra |
A ; |
| Designación de volumen o secuencia |
v. VI |
| 9 (RLIN) |
40000 |
| 910 ## - DATOS DE OPCIÓN DEL USUARIO (OCLC) |
| Datos de opción del usuario |
Catalogación derivada / LC |